| 000 | 01306ngm a22003730a 4500 | ||
|---|---|---|---|
| 001 | PT60507 | ||
| 003 | AR-LpoUNG | ||
| 005 | 20210202000138.0 | ||
| 007 | vd cvaizq | ||
| 008 | 191001s2001||||sp |||||||||||||||||spa d | ||
| 040 |
_aAR-LpoUNG _bspa _cAR-LpoUNG _eaacr |
||
| 041 | _aspa | ||
| 044 | _asp | ||
| 082 | 0 | _a306.89 475kra | |
| 100 | 1 |
_aBenton, Robert _edir. |
|
| 245 | 1 | 0 | _aKramer contra Kramer |
| 260 |
_aMadrid : _bColumbia Tristar Home Entertainmenty, _c2001. |
||
| 300 | _aDVD (100 min.) : son., col. | ||
| 505 | 0 | _aGuión (adaptado): Robert Benton. Director de fotografía: Néstor Almendros. Protagonistas: Dustin Hoffman y Meryl Streep. Subtítulos en español, inglés y francés. | |
| 520 | _a<p>Ted Kramer, un joven padre y esposo dedicado a su trabajo se enfrenta con el abandono de su esposa. Deberá aprender a ser padre procupado al mismo tiempo no descuidar su carrera profesional. </p> | ||
| 650 | 4 | _aBIENESTAR DE LA FAMILIA | |
| 650 | 4 | _aBIENESTAR DE LA INFANCIA | |
| 650 | 4 | _aCONFLICTOS SOCIALES | |
| 650 | 4 | _aDERECHO DE FAMILIA | |
| 650 | 4 | _aDESINTEGRACION DE LA FAMILIA | |
| 650 | 4 | _aFAMILIA | |
| 650 | 4 | _aINFANCIA | |
| 650 | 4 | _aMEDIO FAMILIAR | |
| 653 | _aDRAMA | ||
| 653 | _aDVD | ||
| 653 | _aVIDEOS | ||
| 905 | _a60507 | ||
| 942 | _cDVD | ||
| 999 |
_c54187 _d54187 |
||